| 000 | 00577nam a2200169 a 4500 | ||
|---|---|---|---|
| 005 | 20240416064052.0 | ||
| 008 | 991125s1981 mx 000 0 spa u | ||
| 035 | _aUPN01000050068 | ||
| 049 | _aSEP | ||
| 050 | 4 |
_aL227 D11 _bM2 1981 |
|
| 110 | 2 |
_aConsejo Nacional Técnico de la Educación (México) _927982 |
|
| 245 | 1 | 1 |
_a¿Qué es el Consejo Nacional Técnico de la Educación? / _cConsejo Nacional Técnico de la Educación |
| 260 |
_aMéxico; : _bSEP, _c1981. |
||
| 300 | _a39 p. | ||
| 610 | 2 | 4 |
_aConsejo Nacional Técnico de la Educación (México) _927982 |
| 905 | _aLibro | ||
| 999 |
_c50068 _d50068 |
||